000
00269nam a22001217a 4500
020
_a
9789382036678
082
_a
631.46
_b
AGG/SO
100
_a
Aggarwal,R.M
_9
974
245
_a
Soil Microbiology
260
_a
New Delhi
_b
Black Prints
_c
2014
300
_a
286
942
_c
BK
999
_c
14562
_d
14562